Support systems and community mental health; (Record no. 824)

MARC details
000 -LEADER
fixed length control field 00989cam a2200313 4500
005 - DATE AND TIME OF LATEST TRANSACTION
control field 20260322212035.0
008 - FIXED-LENGTH DATA ELEMENTS--GENERAL INFORMATION
fixed length control field data
010 ## - LIBRARY OF CONGRESS CONTROL NUMBER
LC control number 73012398 //r98
020 ## - INTERNATIONAL STANDARD BOOK NUMBER
International Standard Book Number 0877051194
020 ## - INTERNATIONAL STANDARD BOOK NUMBER
International Standard Book Number 9780877051190
040 ## - CATALOGING SOURCE
Original cataloging agency DLC
Transcribing agency DLC
Modifying agency YUS
-- YUS
049 ## - LOCAL HOLDINGS (OCLC)
Holding library YU31
050 00 - LIBRARY OF CONGRESS CALL NUMBER
Classification number RJ111
Item number .C33
060 00 - NATIONAL LIBRARY OF MEDICINE CALL NUMBER
Classification number WM 440
Item number C244s 1974
096 ## - LOCALLY ASSIGNED NLM-TYPE CALL NUMBER (OCLC)
Classification number WA 495 C172s 1974
001 - CONTROL NUMBER
control field data
100 1# - MAIN ENTRY--PERSONAL NAME
Personal name Caplan, Gerald.
245 10 - TITLE STATEMENT
Title Support systems and community mental health;
Remainder of title lectures on concept development /
Statement of responsibility, etc. Gerald Caplan.
260 ## - PUBLICATION, DISTRIBUTION, ETC.
Place of publication, distribution, etc. New York,
Name of publisher, distributor, etc. Behavioral Publications,
Date of publication, distribution, etc. 1974.
300 ## - PHYSICAL DESCRIPTION
Extent xvii, 267 p.
Dimensions 22 cm.
504 ## - BIBLIOGRAPHY, ETC. NOTE
Bibliography, etc. note Includes bibliographical references.
590 ## - LOCAL NOTE (RLIN)
Local note Includes bibliographies.
650 #0 - SUBJECT ADDED ENTRY--TOPICAL TERM
Topical term or geographic name entry element Community mental health services.
650 #0 - SUBJECT ADDED ENTRY--TOPICAL TERM
Topical term or geographic name entry element Crisis intervention (Mental health services)
650 #0 - SUBJECT ADDED ENTRY--TOPICAL TERM
Topical term or geographic name entry element Social psychiatry.
650 #2 - SUBJECT ADDED ENTRY--TOPICAL TERM
Topical term or geographic name entry element Community Psychiatry
Form subdivision Essays.
650 #2 - SUBJECT ADDED ENTRY--TOPICAL TERM
Topical term or geographic name entry element Models, Psychological
Form subdivision Essays.
650 #2 - SUBJECT ADDED ENTRY--TOPICAL TERM
Topical term or geographic name entry element Community Mental Health Services
Form subdivision Essays.
Holdings
Withdrawn status Lost status Damaged status Not for loan Home library Current library Shelving location Date acquired Total checkouts Full call number Barcode Date last seen Price effective from Koha item type
        Franklin Franklin General stacks 22/03/2026   RJ111 .C33 BC0010848 22/03/2026 22/03/2026 Books